Climate responsive architecture : (Record no. 352126)
[ view plain ]
| 000 -LEADER | |
|---|---|
| fixed length control field | 01001 a2200277 4500 |
| 003 - CONTROL NUMBER IDENTIFIER | |
| control field | OSt |
| 005 - DATE AND TIME OF LATEST TRANSACTION | |
| control field | 20180116192323.0 |
| 008 - FIXED-LENGTH DATA ELEMENTS--GENERAL INFORMATION | |
| fixed length control field | 120207t xxu||||| |||| 00| 0 eng d |
| 010 ## - LIBRARY OF CONGRESS CONTROL NUMBER | |
| LC control number | 2001362876 |
| 020 ## - INTERNATIONAL STANDARD BOOK NUMBER | |
| International Standard Book Number | 0074632183 |
| 035 ## - SYSTEM CONTROL NUMBER | |
| System control number | (DLC) 2001362876 |
| 040 ## - CATALOGING SOURCE | |
| Transcribing agency | 0 |
| 082 00 - DEWEY DECIMAL CLASSIFICATION NUMBER | |
| Classification number | 720.472 |
| 245 00 - TITLE STATEMENT | |
| Title | Climate responsive architecture : |
| Remainder of title | a design handbook for energy efficient buildings / |
| Statement of responsibility, etc. | editors, Arvind Krishan ... [et al.]. |
| 260 ## - PUBLICATION, DISTRIBUTION, ETC. | |
| Place of publication, distribution, etc. | New Delhi ; |
| -- | New York : |
| Name of publisher, distributor, etc. | Tata McGraw-Hill Pub. Co., |
| Date of publication, distribution, etc. | c2001. |
| 300 ## - PHYSICAL DESCRIPTION | |
| Extent | xxiii, 409 p. : |
| Other physical details | ill., map ; |
| Dimensions | 24 x 32 cm. |
| 520 ## - SUMMARY, ETC. | |
| Summary, etc. | Papers presented at an international workshop held in 1995. |
| 650 #0 - SUBJECT ADDED ENTRY--TOPICAL TERM | |
| Topical term or geographic name entry element | Dwellings |
| General subdivision | Energy conservation |
| 700 1# - ADDED ENTRY--PERSONAL NAME | |
| Personal name | Krishan, Arvind. |
| 700 1# - ADDED ENTRY--PERSONAL NAME | |
| Relator code | Baker, Nick |
| 700 1# - ADDED ENTRY--PERSONAL NAME | |
| Relator code | Yannas, Simos |
| 700 1# - ADDED ENTRY--PERSONAL NAME | |
| Relator code | Szokolay, S. V. |
| 942 ## - ADDED ENTRY ELEMENTS (KOHA) | |
| Institution code [OBSOLETE] | SADA |
| Koha item type | Book |
| Call number prefix | 720.472 CLI 2001 |
| Source of classification or shelving scheme | |
| Withdrawn status | Lost status | Source of classification or shelving scheme | Damaged status | Not for loan | Permanent Location | Current Location | Date acquired | Total Checkouts | Total Renewals | Full call number | Barcode | Date last seen | Date last checked out | Copy number | Cost, replacement price | Price effective from | Koha item type | Checked out |
|---|---|---|---|---|---|---|---|---|---|---|---|---|---|---|---|---|---|---|
| School of Art Design and Architecture (SADA) | School of Art Design and Architecture (SADA) | 10/05/2010 | 7 | 4 | 720.472 CLI 2001 | SADA0000384 | 02/19/2025 | 01/30/2025 | 03 | 0.00 | 08/05/2011 | Book | ||||||
| School of Art Design and Architecture (SADA) | School of Art Design and Architecture (SADA) | 10/05/2010 | 10 | 2 | 720.472 CLI 2001 | SADA0000383 | 08/21/2024 | 08/21/2024 | 02 | 0.00 | 08/05/2011 | Book | 09/26/2024 | |||||
| School of Art Design and Architecture (SADA) | School of Art Design and Architecture (SADA) | 06/11/2010 | 14 | 5 | 720.472 CLI 2001 | SADA0000008 | 10/20/2025 | 09/04/2025 | 01 | 1142.98 | 08/05/2011 | Book |
